000
00262nam a2200109Ia 4500
008
190911s9999||||xx |||||||||||||| ||und||
100
_a
Miller, Mark
245
0
_a
Internet working; A guide to network
260
_a
USA
_b
Pearson
_c
2000
300
_a
530
942
_c
BK
999
_c
6664
_d
6664